000 00268nam a2200109Ia 4500
008 190216s9999||||xx |||||||||||||| ||und||
100 _aUlloor
245 0 _aChaithra Prabhavam
260 _bMathrubhumi Printing &publishing
650 _aMalayalam Kavitha
942 _cBK
999 _c24236
_d24236